Minecraft : cesta na konec světa /

Uloženo v:
Hlavní autor: Seto, Kazuyoshi, 1979- (Autor, Ilustrátor)
Další autoři: Kloutvor, Tomáš, 1993- (Autor)
Médium: Kniha
Jazyk:Czech
Vydáno: V Praze : Crew, 2026-
Vydání:První vydání
Edice:Crew manga
Celkem bylo vypůjčeno:0x
Tagy:
Žádné tagy
LEADER 01390nam a2200397 ia4500
001 106654
003 CZ PrNK
005 20260623175431.0
007 ta
008 260619m20269999xr a 6 000 1 cze
015 |a cnb003765677 
020 |a 9788077120708  |q (1 ;  |q brožováno) 
040 |a ABG001  |b cze  |e rda 
041 1 |a cze  |h jpn 
100 1 |a Seto, Kazuyoshi,  |d 1979-  |7 xx0346865  |4 aut  |4 ill 
240 1 0 |a Minecraft: Sekai no hate eno tabi.  |l Česky 
245 1 0 |a Minecraft :  |b cesta na konec světa /  |c Kazujoši Seto ; překlad z japonštiny: Tomáš Kloutvor 
246 3 0 |a Cesta na konec světa 
250 |a První vydání 
264 1 |a V Praze :  |b Crew,  |c 2026- 
300 |a ^^^svazků :  |b ilustrace ;  |c 19 cm 
336 |a text  |b txt  |2 rdacontent 
336 |a statický obraz  |b sti  |2 rdacontent 
337 |a bez média  |b n  |2 rdamedia 
338 |a svazek  |b nc  |2 rdacarrier 
490 1 |a Crew manga 
500 |a "Scénář a kresba: Kazujoši Seto"--Tiráž 
500 |a Tištěno zprava doleva ve stylu manga 
505 1 |a 1. 2026. 179 stran 
700 1 |a Kloutvor, Tomáš,  |d 1993-  |7 xx0333228  |4 trl 
710 2 |a Nakladatelství Crew  |7 xx0243763  |4 pbl  |9 117310 
830 0 |a Crew manga 
910 |a UOG502 
942 |2 ddc  |c KN 
999 |d 106654 
993 |0 0  |1 421180107379  |2 ddc  |4 0  |7 0  |9 100142  |b 0  |c 107379  |d 2026-06-23  |e 0  |f M  |h 249.00  |i Koupě  |l M  |r 2026-06-30  |t 8  |w 2026-06-23  |y KN  |z BELET  |n